Fundamentos matemáticos de la ingeniería : (Registro nro. 232564)

Detalles MARC
000 -LEADER
fixed length control field 01481nam a2200373Ii 4500
001 - CONTROL NUMBER
control field DIGTEBAR0047
003 - CONTROL NUMBER IDENTIFIER
control field NyNyDIG
008 - FIXED-LENGTH DATA ELEMENTS--GENERAL INFORMATION
fixed length control field 140701s2006 sp ob 000 0 spa d
006 - FIXED-LENGTH DATA ELEMENTS--ADDITIONAL MATERIAL CHARACTERISTICS
fixed length control field m o d
007 - PHYSICAL DESCRIPTION FIXED FIELD--GENERAL INFORMATION
fixed length control field cr |||||||||||
020 ## - INTERNATIONAL STANDARD BOOK NUMBER
International Standard Book Number 9788473604178
Qualifying information (eBook)
020 ## - INTERNATIONAL STANDARD BOOK NUMBER
Canceled/invalid ISBN 847360248X
020 ## - INTERNATIONAL STANDARD BOOK NUMBER
Canceled/invalid ISBN 9788473602488
035 ## - SYSTEM CONTROL NUMBER
System control number (OCoLC)891306449
040 ## - CATALOGING SOURCE
Original cataloging agency DGITA
Language of cataloging eng
Description conventions rda
-- pn
Transcribing agency DGITA
050 14 - LIBRARY OF CONGRESS CALL NUMBER
Classification number QA303 eBook
100 1# - MAIN ENTRY--PERSONAL NAME
Personal name Marín Porgueres, Concepción,
Relator term author.
245 10 - TITLE STATEMENT
Title Fundamentos matemáticos de la ingeniería :
Remainder of title 100 problemas resueltos/
Statement of responsibility, etc. Concepción Marín Porgueres.
250 ## - EDITION STATEMENT
Edition statement Tercera edición.
264 #1 - PRODUCTION, PUBLICATION, DISTRIBUTION, MANUFACTURE, AND COPYRIGHT NOTICE
Place of production, publication, distribution, manufacture Madrid :
Name of producer, publisher, distributor, manufacturer Editorial Tébar,
Date of production, publication, distribution, manufacture, or copyright notice 2006.
300 ## - PHYSICAL DESCRIPTION
Extent 1 online resource (186 pages)
336 ## - CONTENT TYPE
Content type term text
Content type code txt
Source rdacontent
337 ## - MEDIA TYPE
Media type term computer
Media type code c
Source rdamedia
338 ## - CARRIER TYPE
Carrier type term online resource
Carrier type code cr
Source rdacarrier
588 0# - SOURCE OF DESCRIPTION NOTE
Source of description note Online resource; title from ePub and PDF title page (Digitalia, viewed June 2, 2014)
650 #0 - SUBJECT ADDED ENTRY--TOPICAL TERM
Topical term or geographic name entry element Calculus
Form subdivision Problems, exercises, etc.
655 #0 - INDEX TERM--GENRE/FORM
Genre/form data or focus term Electronic books.
776 08 - ADDITIONAL PHYSICAL FORM ENTRY
Relationship information Print version:
Main entry heading Marín Porgueres, Concepción.
Title Fundamentos matemáticos de la ingeniería : 100 problemas resueltos.
Place, publisher, and date of publication Madrid : Editorial Tébar, c2006
International Standard Book Number 9788473602488
Record control number (OCoLC)81250903
793 0# -
-- Digitalia eBook Collection:
-- Editorial Tébar.
791 2# -
-- Digitalia (Firm)
-- publisher.
856 40 - ELECTRONIC LOCATION AND ACCESS
Materials specified Digitalia Hispánica
Uniform Resource Identifier <a href="https://www.digitaliapublishing.com/a/12644/">https://www.digitaliapublishing.com/a/12644/</a>
910 ## - USER-OPTION DATA (OCLC)
User-option data Premium Collection: 2013
942 ## - ADDED ENTRY ELEMENTS (KOHA)
Koha item type Recurso Electrónico
Existencias
Withdrawn status Lost status Damaged status Not for loan Collection Home library Current library Date acquired Total checkouts Date last seen Price effective from Koha item type
        Digitalia Ebooks Hispanica Biblioteca Digital UIN Biblioteca Digital UIN 04/25/2025   04/25/2025 04/25/2025 Recurso Electrónico

CONTACTO


NOSOTROS


SITIOS DE INTERES

coordinacion.biblioteca.biblioteca@unienlinea.mx Misión, Visión y Objetivos Bases de datos
Directorio Bibliotecas Digitales y Repositorios
Normatividad Revistas y artículos
Convenios interbibliotecarios
Boletines



Hecho en México. Universidad Insurgentes (UIN). Todos los derechos reservados 2024. Esta página y sus contenidos pueden ser reproducidos con fines no lucrativos, siempre y cuando no se mutile, se cite la fuente completa y su dirección electrónicas. De otra forma requiere permiso previo por escrito de la institución




2024 Copyright Universidad Insurgentes | www.bibliouin.com.mx